000 00803nam a2200253Ia 4500
003 OSt
005 20220923225523.0
006 a|||||r|||| 00| 0
007 ta
008 ORI
024 _a270,333
037 _cTextual
040 _aARTS
_cARTS
_bORI
041 _2ORI
_aORI
082 _aO1591,3N61x, 152M8
100 _aजगन्नाथ प्रसाद दास
245 0 _aसंन्यास का रास्ता
246 _aSannyās kā rāstā
260 _aदिल्ली
_b अर्चना प्रकाशन
_c1988
300 _a107पृ0
_ccm.
650 _aउड़िया साहित्य
_9156264
942 _hO1591,3N61x, 152M8
_cTEXL
_2CC
999 _c378802
_d378802